| 000 | 008620000a22002650004500 | ||
|---|---|---|---|
| 003 | LK-CoMWRAF | ||
| 008 | 230817t ||||| |||| 00| 0 eng d | ||
| 020 | _a7503612320 | ||
| 040 |
_aLK-CoMWRAF _dLK-CoMWRAF _eLK-CoMWRAF |
||
| 041 | _aeng | ||
| 082 |
_a320 _bLAW |
||
| 245 |
_aLaw of the People's Republic of China on the Protection of Rights and Interests of Women _b |
||
| 260 |
_b _a _c |
||
| 300 | _ap.24 | ||
| 650 | _aGeneral Provisions | ||
| 650 | _aLegal Responsibility | ||
| 650 | _aPolitical Rights | ||
| 650 | _aRights and Interests Relating to Cultureand Edcation | ||
| 650 | _aRights and Interests Relating to Marriage and Family | ||
| 650 | _aRights and Interests Relating to Property | ||
| 650 | _aRights and Interests Relating to Work | ||
| 650 | _aRights Relating to the Person | ||
| 650 | _aSupplementary Provisions | ||
| 942 | _cBK | ||
| 999 |
_c1809 _d1809 |
||